| 000 | 00561nam a2200169 i 4500 | ||
|---|---|---|---|
| 001 | 146125 | ||
| 003 | ES-MaACL | ||
| 005 | 20230906201425.0 | ||
| 007 | t| | ||
| 008 | 070903s1922 fr ||||1| fre d | ||
| 080 | _a001(44):101 | ||
| 245 | 0 | 3 |
_aLa Tradition Philosophique et la pensée française / _cLaçons professées a l'Ecole des Hautes Etudes Sociales par L. Prenant, M.M.A. Berthod, E. Brehier, L. Brunschvieg. |
| 260 |
_aParis : _bFélix Alcan, _c1922. |
||
| 300 |
_a356 p. : _b22 cm. |
||
| 700 | 1 |
_aPrenant, L. _993757 |
|
| 852 |
_aES-MaACL _jB-7210 |
||
| 999 |
_c146125 _d146125 |
||